People Who Signed the U.S. Constitution - Statistics

General Stats
  • This quiz has been taken 20 times
  • The average score is 4 of 39
Answer Stats
State Answer % Correct
Pennsylvania Benjamin Franklin
93%
Virginia George Washington
87%
Virginia James Madison
73%
New York Alexander Hamilton
53%
Connecticut William Samuel Johnson
33%
Pennsylvania Gouverneur Morris
20%
Pennsylvania Robert Morris
20%
South Carolina John Rutledge
13%
South Carolina Charles Cotesworth Pinckney
7%
South Carolina Charles Pinckney
7%
Maryland Daniel Carroll
7%
North Carolina Hugh Williamson
7%
Connecticut Roger Sherman
7%
Massachusetts Rufus King
7%
Georgia William Few
7%
New Jersey William Livingston
7%
Georgia Abraham Baldwin
0%
Maryland Daniel of St. Thomas Jenifer
0%
New Jersey David Brearley
0%
Pennsylvania George Clymer
0%
Delaware George Read
0%
Delaware Gunning Bedford, Jr.
0%
Delaware Jacob Broom
0%
Maryland James McHenry
0%
Pennsylvania James Wilson
0%
Pennsylvania Jared Ingersoll
0%
Virginia John Blair
0%
Delaware John Dickinson
0%
New Hampshire John Langdon
0%
New Jersey Jonathan Dayton
0%
Massachusetts Nathaniel Gorham
0%
New Hampshire Nicholas Gilman
0%
South Carolina Pierce Butler
0%
Delaware Richard Bassett
0%
North Carolina Richard Dobbs Spaight
0%
Pennsylvania Thomas Fitzsimmons
0%
Pennsylvania Thomas Mifflin
0%
North Carolina William Blount
0%
New Jersey William Patterson
0%
No matching quizzes found
Score Distribution
Percent of People with Each Score
Percentile by Number Answered
Your Score History
You have not taken this quiz